Marketing miest a obcí s podtitulom Marketing obce Tovarné bakalárska práca

Na minha lista:
Detalhes bibliográficos
Autor principal: Lukáč, Miroslav
Autor Corporativo: Podnikovohospodárska fakulta EU so sídlom v Košiciach. Katedra marketingu a obchodu
Outros Autores: Nimrichterová, Jana
Formato: Livro
Idioma:eslovaco
Publicado em: Košice 2011
Tags: Adicionar Tag
Sem tags, seja o primeiro a adicionar uma tag!

MARC

LEADER 00000nbm a2200000 4500
001 0152716
005 20121121112133.9
041 0 |a slo 
044 |a SK 
245 1 0 |a Marketing miest a obcí s podtitulom Marketing obce Tovarné  |b bakalárska práca  |c Miroslav Lukáč ; školiteľ: Jana Nimrichterová 
264 1 |a Košice  |c 2011 
300 |a 54 s. 
100 1 |a Lukáč, Miroslav 
700 1 |a Nimrichterová, Jana 
710 2 |a Podnikovohospodárska fakulta EU so sídlom v Košiciach. Katedra marketingu a obchodu